[Event "EU-ch Online U14 Girls"]
[Site "Tornelo INT"]
[Date "2020.09.20"]
[Round "7"]
[White "Maklakova, Naomi"]
[Black "Bharathi Mugilan, Dhanyadha"]
[Result "1-0"]
[WhiteElo "1383"]
[BlackElo "1308"]
[PlyCount "99"]
[EventDate "2020.09.18"]
[EventType "swiss (rapid)"]
[EventRounds "9"]
[EventCountry "NET"]
[SourceTitle "EXT 2023"]
[Source "ChessBase"]
[SourceDate "2022.10.05"]
[SourceVersion "1"]
[SourceVersionDate "2022.10.05"]
[SourceQuality "1"]
[WhiteTeam "Latvia"]
[BlackTeam "Belgien"]
[WhiteTeamCountry "LAT"]
[BlackTeamCountry "BEL"]

1. d4 d5 2. Nf3 Nf6 3. Bf4 Bf5 4. e3 e6 5. Bd3 Ne4 6. c3 Bd6 7. Bg3 c5 8. Nh4 Nxg3 9. hxg3 Bxd3 10. Qxd3 c4 11. Qc2 b5 12. Nf3 h6 13. g4 Be7 14. Ne5 Nd7 15. Nc6 Qc7 16. Nxe7 Kxe7 17. Nd2 Nf6 18. Qd1 Rab8 19. a3 Qa5 20. 0-0 Qc7 21. f4 Nh7 22. Qf3 Rhe8 23. f5 exf5 24. Qxd5 Nf6 25. Qxf5 Kf8 26. Rae1 Qg3 27. Qc5+ Kg8 28. Qxa7 Nxg4 29. Qxf7+ Kh8 30. Qf4 Qh4 31. Nf3 Qh5 32. Nh2 Nxh2 33. Qxh2 Qg6 34. Qf4 Rbd8 35. e4 Rf8 36. Qxf8+ Rxf8 37. Rxf8+ Kh7 38. e5 Qg5 39. Rf2 Qe7 40. e6 Kg6 41. d5 Qc5 42. e7 Qc8 43. e8Q+ Qxe8 44. Rxe8 Kg5 45. d6 Kg6 46. d7 Kh7 47. d8Q Kg6 48. Re6+ Kh7 49. Rf8 g6 50. Rf7# 1-0

[Event "EU-ch Online U14 Girls"]
[Site "Tornelo INT"]
[Date "2020.09.19"]
[Round "6"]
[White "Bharathi Mugilan, Dhanyadha"]
[Black "Botica, Lucija"]
[Result "1-0"]
[WhiteElo "1308"]
[BlackElo "1230"]
[PlyCount "141"]
[EventDate "2020.09.18"]
[EventType "swiss (rapid)"]
[EventRounds "9"]
[EventCountry "NET"]
[SourceTitle "EXT 2023"]
[Source "ChessBase"]
[SourceDate "2022.10.05"]
[SourceVersion "1"]
[SourceVersionDate "2022.10.05"]
[SourceQuality "1"]
[WhiteTeam "Belgien"]
[BlackTeam "Croatia"]
[WhiteTeamCountry "BEL"]
[BlackTeamCountry "CRO"]

1. e4 e5 2. Nf3 Nc6 3. Bc4 Bc5 4. d3 Nf6 5. Nc3 d6 6. h3 h6 7. Be3 Bxe3 8. fxe3 0-0 9. 0-0 Be6 10. Bb3 d5 11. exd5 Nxd5 12. Nxd5 Bxd5 13. Bxd5 Qxd5 14. e4 Qc5+ 15. Kh1 Qb5 16. b3 Qc5 17. Nh4 Qe7 18. Qg4 g6 19. Nf5 Qg5 20. Qxg5 hxg5 21. Ne3 Nd4 22. Rf2 f5 23. exf5 gxf5 24. c3 Nb5 25. c4 Nd4 26. Raf1 f4 27. Ng4 Rae8 28. Kh2 e4 29. dxe4 Rxe4 30. Rd2 Nf5 31. Nf2 Ree8 32. Rd5 Ne3 33. Rxg5+ Kh7 34. Rc1 Rg8 35. Rxg8 Rxg8 36. Rg1 a6 37. Ne4 Rg6 38. Nc3 Ng4+ 39. Kh1 Rh6 40. Rf1 Ne3 41. Rxf4 Re6 42. Rf7+ Kg8 43. Rxc7 b6 44. Rc8+ Kf7 45. Rc7+ Kf6 46. Rh7 Kg6 47. Rd7 Nf5 48. g4 Ng3+ 49. Kg2 Ne2 50. Nd5 Kh6 51. h4 b5 52. cxb5 axb5 53. g5+ Kh5 54. Rh7+ Kg6 55. Rh6+ Kf5 56. Rxe6 Kxe6 57. Nc7+ Kf7 58. Nxb5 Kg6 59. a4 Nf4+ 60. Kf3 Nd5 61. a5 Nb4 62. Kg4 Kg7 63. h5 Kh7 64. g6+ Kh6 65. Kh4 Nc6 66. a6 Kg7 67. Kg5 Kh8 68. h6 Kg8 69. h7+ Kh8 70. Nd6 Ne7 71. Nf7+ 1-0